Fifa 16 Player Overall 85+ - Statistiken

Allgemein
  • Dieses Quiz wurde 65 mal gespielt
  • Das Durchschnittsergebnis liegt bei 47 aus 54
Antwortstatistiken
Overall Verein Position Nationalität Alter Antwort % Korrekt
93 Real Madrid LW Portugal 30 Cristiano Ronaldo
100%
94 FC Barcelona RW Argentinien 28 Lionel Messi
100%
90 FC Bayern München GK Deutschland 29 Manuel Neuer
100%
88 FC Bayern München ST Polen 26 Robert Lewandowski
100%
89 FC Bayern München RM Niederlande 31 Arjen Robben
98%
88 FC Chelsea LM Belgien 24 Eden Hazard
98%
87 Real Madrid RW Wales 25 Gareth Bale
98%
90 FC Barcelona ST Uruguay 28 Luis Suarez
98%
87 Real Madrid CM Kroatien 29 Luka Modric
98%
90 FC Barcelona LW Brasilien 23 Neymar
98%
86 Borussia Dortmund LM Deutschland 26 Marco Reus
97%
88 FC Arsenal CAM Deutschland 26 Mesut Özil
97%
87 FC Bayern München RB Deutschland 31 Philipp Lahm
97%
87 Real Madrid CB Spanien 29 Sergio Ramos
97%
86 FC Bayern München CF Deutschland 25 Thomas Müller
97%
87 Real Madrid CM Deutschland 25 Toni Kroos
97%
89 Paris Saint-Germain ST Schweden 33 Zlatan Ibrahimovic
97%
88 FC Barcelona CM Spanien 31 Andres Iniesta
95%
87 FC Bayern München CB Deutschland 26 Jerome Boateng
95%
86 Borussia Dortmund CB Deutschland 26 Mats Hummels
95%
86 FC Bayern München LM Frankreich 32 Franck Ribery
93%
87 Real Madrid CAM Kolumbien 23 James Rodriguez
93%
86 Real Madrid ST Frankreich 27 Karim Benzema
93%
88 Paris Saint-Germain CB Brasilien 30 Thiago Silva
93%
85 FC Bayern München CM Chile 28 Arturo Vidal
91%
85 FC Bayern München LB Österreich 23 David Alaba
91%
88 Manchester City ST Argentinien 27 Sergio Agüero
91%
87 Manchester United GK Spanien 24 David de Gea
90%
86 Manchester City LM Spanien 29 David Silva
90%
86 Manchester City RM Belgien 24 Kevin de Bruyne
90%
85 Manchester United CM Deutschland 30 Bastian Schweinsteiger
88%
86 FC Arsenal LW Chile 26 Alexis Sanchez
86%
86 Juventus Turin CM Frankreich 22 Paul Pogba
86%
86 Paris Saint-Germain RW Argentinien 27 Angel di Maria
84%
85 Paris Saint-Germain ST Uruguay 28 Edinson Cavani
84%
85 FC Barcelona CB Spanien 28 Gerard Pique
84%
86 Juventus Turin CB Italien 30 Giorgio Chiellini
84%
86 FC Arsenal GK Tschechien 33 Petr Cech
84%
86 FC Chelsea GK Belgien 23 Thibaut Courtois
84%
86 FC Chelsea CM Spanien 28 Cesc Fabregas
83%
86 SSC Neapel ST Argentinien 27 Gonzalo Higuain
83%
85 Tottenham Hotspur GK Frankreich 28 Hugo Lloris
83%
85 FC Barcelona CM Kroatien 27 Ivan Rakitic
83%
85 Manchester United ST England 29 Wayne Rooney
83%
85 Manchester City CM Elfenbeinküste 32 Yaya Toure
83%
86 FC Barcelona CDM Spanien 26 Sergio Busquets
81%
85 Manchester City CB Belgien 29 Vincent Kompany
81%
86 Atletico Madrid CB Uruguay 29 Diego Godin
79%
85 Borussia Dortmund RM Armenien 26 Henrikh Mkhitaryan
71%
85 Boca Juniors ST Argentinien 31 Carlos Tevez
66%
85 FC Chelsea ST Spanien 26 Diego Costa
64%
85 FC Arsenal CAM Spanien 30 Santi Cazorla
53%
85 Juventus Turin CB Italien 34 Andrea Barzagli
48%
85 Inter Mailand CB Brasilien 30 Joao Miranda
36%
Keine übereinstimmenden Quizze gefunden
Verteilung der Resultate
Anzahl Personen mit jedem Resultat
Perzentil nach korrekt beantworteten Fragen
Ihre Resultats-Entwicklung
Sie haben dieses Quiz noch nicht gespielt